zpět

Detail výsledku týmu

A-Sport, Hradec Králové

Datum a čas kvízu

28 Celkem bodů Celkový počet nahraných bodů na tomto kvízu bez doplňovacích otázek.
6. Pořadí na kvízu Konečné umístění týmu na tomto kvízu.

Zaznamenané odpovědi

# Otázka Odpověď Body Výsledky
1. Vedení ČSSD zařadilo na čtvrté... Petr Benda 0
2. Berlínská čtvrť Zehlendorf se... liška 0
3. V úterý proběhl nominační veče... Strážci (Watchmen) 0
4. Tradiční český výrobce nákladn... Avia 0
5. V pondělí přiletěl z Jižní Ame... Emerson Fittipaldi 1
6. V tomto tématu se blíže podívá... A 1
7. Tato mapa vyznačuje jistý kult... Laponsko 1
8. Jak se nazývá ostrov ležící 30... Utøya 0
9. Tento Švéd se v poslední době... Epidemiolog. 0
10. Jak se nazývá fotbalový tým, j... Borussia Dortmund 1